[Event "Mittelfranken Landesliga Sued 2122"]
[Site "Mittelfranken"]
[Date "2022.03.20"]
[Round "4.7"]
[White "Beck, Gerald1111"]
[Black "Noehbauer, Andreas"]
[Result "1-0"]
[WhiteElo "1948"]
[BlackElo "1946"]
[PlyCount "99"]
[EventDate "2021.10.24"]
[EventType "team-tourn"]
[EventRounds "9"]
[EventCountry "GER"]
[SourceTitle "EXT 2024"]
[Source "ChessBase"]
[SourceDate "2023.10.10"]
[SourceVersion "1"]
[SourceVersionDate "2023.10.10"]
[SourceQuality "1"]
[WhiteTeam "Haunstetten"]
[BlackTeam "Rottal Inn"]
[WhiteTeamCountry "GER"]
[BlackTeamCountry "GER"]

1. c4 c5 2. g3 Nc6 3. Bg2 g6 4. Nc3 Bg7 5. Nf3 e6 6. d3 Nge7 7. Bg5 0-0 8. Qd2 d5 9. cxd5 exd5 10. Bh6 Be6 11. h4 Bxh6 12. Qxh6 Nf5 13. Qd2 h5 14. Ng5 Qd7 15. 0-0-0 Rad8 16. g4 Ng7 17. gxh5 gxh5 18. Rhg1 Ne5 19. Nxe6 fxe6 20. Qg5 Rf5 21. Qg3 Nc6 22. e4 Rf7 23. exd5 Nd4 24. Bh3 b5 25. dxe6 Ndxe6 26. Rde1 Kf8 27. Re3 b4 28. Ne2 Qd6 29. Bxe6 Nxe6 30. Qg6 Ng7 31. f4 Qxg6 32. Rxg6 Nf5 33. Rh3 Nd4 34. Nxd4 Rxd4 35. Rg5 Rfxf4 36. Rxc5 Rxh4 37. Rxh5 Rxh5 38. Rxh5 Rxd3 39. Rb5 Rd4 40. Kc2 Ke8 41. Kb3 Kd8 42. Rxb4 Rxb4+ 43. Kxb4 Kc7 44. Ka5 Kb7 45. Kb5 a6+ 46. Kc5 Kc7 47. a4 Kb7 48. a5 Kc7 49. b3 Kb7 50. Kd6 1-0

[Event "Landesliga Sued 1718"]
[Site "Bayern"]
[Date "2018.01.21"]
[Round "5.8"]
[White "Pawelzik, Malte"]
[Black "Noehbauer, Andreas"]
[Result "1-0"]
[WhiteElo "2154"]
[BlackElo "1861"]
[PlyCount "91"]
[EventDate "2017.10.22"]
[EventType "team-tourn"]
[EventRounds "9"]
[EventCountry "GER"]
[SourceTitle "EXT 2022"]
[Source "ChessBase"]
[SourceDate "2021.10.06"]
[SourceVersion "1"]
[SourceVersionDate "2021.10.06"]
[SourceQuality "1"]
[WhiteTeam "Garching II"]
[BlackTeam "Rottal Inn"]
[WhiteTeamCountry "GER"]
[BlackTeamCountry "GER"]

1. e4 c5 2. Nf3 e6 3. d4 cxd4 4. Nxd4 Nc6 5. Nc3 Qc7 6. Be3 Nf6 7. Qd2 a6 8. 0-0-0 Be7 9. f3 b5 10. Nxc6 dxc6 11. Qf2 0-0 12. g4 e5 13. h4 Be6 14. h5 Nd7 15. g5 b4 16. Na4 c5 17. Bh3 Bxh3 18. Rxh3 f5 19. gxf6 Rxf6 20. Bg5 Rf7 21. Bxe7 Rxe7 22. Qd2 Nf6 23. Rhh1 Rc8 24. Qd6 a5 25. h6 Qxd6 26. Rxd6 Kf7 27. Nb6 Rcc7 28. hxg7 Kxg7 29. Nc4 a4 30. Ne3 Red7 31. Re6 c4 32. Rxe5 b3 33. a3 c3 34. Rg5+ Kf8 35. Rf5 Rf7 36. Rh6 Kg7 37. Rhxf6 cxb2+ 38. Kxb2 Rxf6 39. Rxf6 bxc2 40. Kc1 Rc3 41. Nd5 Rd3 42. Rf5 Rxa3 43. Kxc2 Ra2+ 44. Kc3 Kg6 45. Kb4 Ra1 46. Nf4+ 1-0

[Event "Niederbayernliga 1516"]
[Site "Bayern"]
[Date "2016.04.10"]
[Round "9.2"]
[White "Binder, Karl Heinz"]
[Black "Noehbauer, Andreas"]
[Result "1/2-1/2"]
[WhiteElo "2035"]
[BlackElo "1903"]
[PlyCount "87"]
[EventDate "2015.10.11"]
[EventType "team-tourn"]
[EventRounds "9"]
[EventCountry "GER"]
[SourceTitle "EXT 2023"]
[Source "ChessBase"]
[SourceDate "2022.10.05"]
[SourceVersion "1"]
[SourceVersionDate "2022.10.05"]
[SourceQuality "1"]
[WhiteTeam "Roehrnbach II"]
[BlackTeam "Rottal II"]
[WhiteTeamCountry "GER"]
[BlackTeamCountry "GER"]

1. c4 c5 2. Nc3 Nc6 3. Nf3 g6 4. d4 cxd4 5. Nxd4 Bg7 6. e3 Nf6 7. Be2 0-0 8. Nc2 d6 9. 0-0 a6 10. e4 Rb8 11. Ne3 Bd7 12. f3 Ne8 13. Re1 Nd4 14. Bf1 b5 15. Rb1 Nc7 16. Bd2 Nce6 17. Ncd5 Re8 18. Kh1 Nc6 19. b3 Ned4 20. Rc1 e6 21. Nc3 Qb6 22. Ne2 Red8 23. Nxd4 Bxd4 24. Qe2 Bb2 25. Rb1 Bg7 26. Rbc1 Bb2 27. Rb1 Bg7 28. Red1 Be8 29. Be1 Ne7 30. Qd2 Bc6 31. Bf2 Qb7 32. Kg1 d5 33. exd5 exd5 34. cxd5 Nxd5 35. Nxd5 Rxd5 36. Qe3 Bf6 37. Rxd5 Bxd5 38. Rc1 Rc8 39. Rxc8+ Qxc8 40. Qb6 Kg7 41. Bd4 Qe6 42. Bxf6+ Qxf6 43. Qxf6+ Kxf6 44. Kf2 1/2-1/2

[Event "Niederbayernliga 1415"]
[Site "Bayern"]
[Date "2015.04.12"]
[Round "9.4"]
[White "Grimm, Markus"]
[Black "Noehbauer, Andreas"]
[Result "0-1"]
[WhiteElo "1830"]
[BlackElo "1899"]
[PlyCount "112"]
[EventDate "2014.10.19"]
[EventType "team-tourn"]
[EventRounds "9"]
[EventCountry "GER"]
[SourceTitle "EXT 2023"]
[Source "ChessBase"]
[SourceDate "2022.10.05"]
[SourceVersion "1"]
[SourceVersionDate "2022.10.05"]
[SourceQuality "1"]
[WhiteTeam "Straubing SC"]
[BlackTeam "Rottal II"]
[WhiteTeamCountry "GER"]
[BlackTeamCountry "GER"]

1. d4 Nf6 2. Nf3 e6 3. e3 c5 4. Bd3 Nc6 5. c3 d5 6. 0-0 Bd6 7. Nbd2 0-0 8. dxc5 Bxc5 9. e4 Qc7 10. Qe2 h6 11. e5 Ng4 12. Nb3 Bb6 13. Bf4 f6 14. Rae1 fxe5 15. Nxe5 Nxf2 16. Rxf2 Rxf4 17. Nf3 Bxf2+ 18. Qxf2 Rf6 19. Qe2 Bd7 20. Bc2 Raf8 21. Qd3 g6 22. Nh4 Be8 23. Nf3 Bf7 24. Nc5 b6 25. Nb3 e5 26. Qe3 e4 27. Nfd4 Nxd4 28. Nxd4 Qf4 29. Qxf4 Rxf4 30. g3 Rf6 31. Kg2 Kg7 32. Ba4 Be8 33. Bxe8 Rxe8 34. Re2 Ref8 35. a3 h5 36. Nb5 R8f7 37. Nd4 g5 38. h3 Kg6 39. Nc2 Rd6 40. Nd4 a6 41. Nc2 Kf6 42. Rf2+ Ke7 43. Re2 Ke6 44. Nd4+ Ke5 45. Kg1 Rdf6 46. Kg2 Rf1 47. g4 h4 48. Nf5 R1xf5 49. gxf5 Rxf5 50. Rd2 Rf3 51. Rd4 Rg3+ 52. Kh2 e3 53. Rd1 Ke4 54. Rd4+ Kf3 55. Rxd5 e2 56. Rf5+ Ke3 0-1

[Event "Landesliga Sued 1314"]
[Site "Bayern"]
[Date "2013.11.10"]
[Round "2.8"]
[White "Noehbauer, Andreas"]
[Black "Kretschel, Klaus"]
[Result "1/2-1/2"]
[WhiteElo "1944"]
[BlackElo "2045"]
[PlyCount "108"]
[EventDate "2013.10.13"]
[EventType "team-tourn"]
[EventRounds "9"]
[EventCountry "GER"]
[SourceTitle "EXT 2015"]
[Source "ChessBase"]
[SourceDate "2014.11.20"]
[SourceVersion "1"]
[SourceVersionDate "2014.11.20"]
[SourceQuality "1"]
[WhiteTeam "Rottal"]
[BlackTeam "Germering"]
[WhiteTeamCountry "GER"]
[BlackTeamCountry "GER"]

1. c4 f5 2. g3 e5 3. d4 exd4 4. Qxd4 Nc6 5. Qd1 Nf6 6. Bg2 Bb4+ 7. Bd2 Qe7 8. Nf3 Ne4 9. 0-0 0-0 10. Be3 d6 11. a3 Bc5 12. Bxc5 Nxc5 13. Nc3 Be6 14. Nd5 Bxd5 15. Qxd5+ Kh8 16. e3 a5 17. Rad1 Rad8 18. Nd4 Ne5 19. Nf3 a4 20. Qd4 h6 21. Qc3 Kh7 22. Qc2 g6 23. Rd5 Ned7 24. Re1 Nb6 25. Rdd1 Qf7 26. Nd2 Rfe8 27. h3 Kg7 28. Qc3+ Qf6 29. Qc2 g5 30. f4 Re7 31. Re2 Rde8 32. Rde1 gxf4 33. gxf4 Nbd7 34. Nf3 Ne4 35. Qxa4 Ng3 36. Rd2 Nc5 37. Qc2 Nh5 38. Nd4 Ne4 39. Rdd1 Kh8 40. Qe2 Qg6 41. Qf3 Rg8 42. Kh2 Reg7 43. Re2 Nhg3 44. Rc2 c5 45. Nb5 h5 46. b3 h4 47. a4 Qh6 48. Re1 Nh5 49. Qd1 Qg6 50. Qf3 Nhf6 51. Ra2 Qh6 52. Qf1 Rg3 53. Rc2 Qg7 54. Ra2 Qe7 1/2-1/2

[Event "Landesliga Sued 1314"]
[Site "Bayern"]
[Date "2013.10.13"]
[Round "1.8"]
[White "Weichlein, Paul"]
[Black "Noehbauer, Andreas"]
[Result "1/2-1/2"]
[WhiteElo "2029"]
[BlackElo "1944"]
[PlyCount "69"]
[EventDate "2013.10.13"]
[EventType "team-tourn"]
[EventRounds "9"]
[EventCountry "GER"]
[SourceTitle "EXT 2015"]
[Source "ChessBase"]
[SourceDate "2014.11.20"]
[SourceVersion "1"]
[SourceVersionDate "2014.11.20"]
[SourceQuality "1"]
[WhiteTeam "Haunstetten"]
[BlackTeam "Rottal"]
[WhiteTeamCountry "GER"]
[BlackTeamCountry "GER"]

1. d4 Nf6 2. c4 e6 3. Nc3 Bb4 4. e3 b6 5. Bd3 Bb7 6. f3 c5 7. Nge2 cxd4 8. exd4 d5 9. Qa4+ Nc6 10. Bg5 0-0 11. cxd5 Qxd5 12. Bxf6 gxf6 13. 0-0 Qg5 14. Rad1 f5 15. Kh1 Qe7 16. Rfe1 Bd6 17. Nb5 Bb8 18. d5 Ne5 19. d6 Qd7 20. Nec3 Nxf3 21. Re3 a6 22. gxf3 axb5 23. Qd4 f6 24. Bxb5 Bc6 25. Bc4 Qb7 26. Bxe6+ Kh8 27. Nd5 Bxd6 28. b4 Rxa2 29. Rd2 Rxd2 30. Qxd2 Qa6 31. Kg2 Qa1 32. Re1 Qa3 33. Re3 Qa1 34. Re1 Qa3 35. Re3 1/2-1/2

[Event "Regionalliga SO 1112"]
[Site "Bayern"]
[Date "2012.03.18"]
[Round "8.6"]
[White "Thome, Volker"]
[Black "Noehbauer, Andreas"]
[Result "1/2-1/2"]
[WhiteElo "1964"]
[BlackElo "1789"]
[PlyCount "93"]
[EventDate "2011.10.02"]
[EventType "team-tourn"]
[EventRounds "9"]
[EventCountry "GER"]
[SourceTitle "EXT 2015"]
[Source "ChessBase"]
[SourceDate "2014.11.20"]
[SourceVersion "1"]
[SourceVersionDate "2014.11.20"]
[SourceQuality "1"]
[WhiteTeam "Tegernsee"]
[BlackTeam "Rottal II"]
[WhiteTeamCountry "GER"]
[BlackTeamCountry "GER"]

1. d4 Nf6 2. Nf3 e6 3. e3 b6 4. Bd3 Bb7 5. 0-0 c5 6. Nbd2 Be7 7. c3 0-0 8. e4 Nc6 9. a3 d6 10. Re1 Qc7 11. Nf1 Rfd8 12. Bg5 Ng4 13. Rc1 h6 14. Bf4 e5 15. Bg3 Nf6 16. d5 Nb8 17. Ne3 Nbd7 18. Nd2 Nf8 19. Nf5 Bc8 20. c4 Kh7 21. f4 exf4 22. Nxe7 Qxe7 23. e5+ Kg8 24. Bxf4 Ne8 25. exd6 Qh4 26. g3 Qg4 27. Qxg4 Bxg4 28. Re7 Nxd6 29. Bxd6 Rxd6 30. Rf1 f6 31. Rfe1 Rd7 32. Kg2 Rxe7 33. Rxe7 Bd7 34. Kf3 Re8 35. Rxe8 Bxe8 36. b4 Nd7 37. Bf5 Ne5+ 38. Ke4 Kf8 39. bxc5 bxc5 40. Bc8 Ke7 41. g4 Bg6+ 42. Bf5 Be8 43. h4 Ba4 44. g5 hxg5 45. hxg5 Bd1 46. gxf6+ gxf6 47. Ke3 1/2-1/2

[Event "Regionalliga SO 1112"]
[Site "Bayern"]
[Date "2011.10.23"]
[Round "2.6"]
[White "Noehbauer, Andreas"]
[Black "Renner, Adrian"]
[Result "1/2-1/2"]
[WhiteElo "1789"]
[BlackElo "1873"]
[PlyCount "30"]
[EventDate "2011.10.02"]
[EventType "team-tourn"]
[EventRounds "9"]
[EventCountry "GER"]
[SourceTitle "EXT 2013"]
[Source "ChessBase"]
[SourceDate "2012.11.22"]
[SourceVersion "1"]
[SourceVersionDate "2012.11.22"]
[SourceQuality "1"]
[WhiteTeam "Rottal II"]
[BlackTeam "Pang/Rosenheim II"]
[WhiteTeamCountry "GER"]
[BlackTeamCountry "GER"]

1. e4 c5 2. c3 e5 3. Nf3 Nc6 4. Bc4 Qc7 5. d3 Na5 6. Bb5 a6 7. Ba4 b5 8. Bc2 Bb7 9. 0-0 Nf6 10. Re1 Be7 11. d4 d6 12. d5 Nc4 13. b3 Nb6 14. Nbd2 c4 15. bxc4 Nxc4 1/2-1/2

[Event "Augsburg Afro op-A 18th"]
[Site "Augsburg"]
[Date "2011.08.06"]
[Round "6"]
[White "Kwossek, Georg"]
[Black "Noehbauer, Andreas"]
[Result "1/2-1/2"]
[WhiteElo "2048"]
[BlackElo "1799"]
[PlyCount "101"]
[EventDate "2011.08.04"]
[EventType "swiss"]
[EventRounds "7"]
[EventCountry "GER"]
[SourceTitle "EXT 2015"]
[Source "ChessBase"]
[SourceDate "2014.11.20"]
[SourceVersion "1"]
[SourceVersionDate "2014.11.20"]
[SourceQuality "1"]

1. d4 Nf6 2. Nf3 e6 3. g3 d5 4. c4 Be7 5. Bg2 0-0 6. Qc2 dxc4 7. Qxc4 a6 8. 0-0 b5 9. Qc2 Bb7 10. Bg5 Nbd7 11. Nbd2 h6 12. Bxf6 Nxf6 13. Nb3 Be4 14. Qc3 Nd7 15. Nbd2 Bb7 16. b4 Nb6 17. a3 Bd6 18. e4 Qd7 19. Rfe1 Rfd8 20. Rac1 Rac8 21. h4 Re8 22. Nb3 Na4 23. Qc2 Red8 24. Red1 Bf8 25. Ne5 Qd6 26. Na5 Ba8 27. Nec6 Re8 28. Na7 Rb8 29. Qxc7 Qxc7 30. Rxc7 Re7 31. Rxe7 Bxe7 32. N7c6 Bxc6 33. Nxc6 Re8 34. d5 exd5 35. exd5 Bd6 36. Nd4 g6 37. h5 Re5 38. hxg6 fxg6 39. f4 Re3 40. f5 Rxg3 41. Rf1 Nc3 42. f6 Kf7 43. Kh1 Be5 44. Nf3 Kxf6 45. Nxe5+ Kxe5 46. Re1+ Kf5 47. Rf1+ Kg5 48. Rc1 Kf6 49. Rf1+ Ke5 50. Re1+ Kf5 51. Rf1+ 1/2-1/2

[Event "Niederbayernliga 1011"]
[Site "Germany"]
[Date "2011.02.06"]
[Round "6.7"]
[White "Schaefer, Jakob1111"]
[Black "Noehbauer, Andreas"]
[Result "0-1"]
[WhiteElo "1161"]
[BlackElo "1799"]
[PlyCount "65"]
[EventDate "2010.10.10"]
[EventType "team-tourn"]
[EventRounds "9"]
[EventCountry "GER"]
[SourceTitle "EXT 2012"]
[Source "ChessBase"]
[SourceDate "2011.11.24"]
[SourceVersion "1"]
[SourceVersionDate "2011.11.24"]
[SourceQuality "1"]
[WhiteTeam "Simbach"]
[BlackTeam "Rottal II"]
[WhiteTeamCountry "GER"]
[BlackTeamCountry "GER"]

1. e4 c5 2. Nf3 d6 3. d4 cxd4 4. Qxd4 Nc6 5. Qa4 Bd7 6. Qb3 Nf6 7. Nc3 Rb8 8. Bc4 e6 9. Qa4 Nd4 10. Bb5 Nxb5 11. Nxb5 a6 12. Nxd6+ Bxd6 13. Qd4 Qc7 14. e5 Bc5 15. Qh4 Nd5 16. Qg3 Bf8 17. 0-0 Qxc2 18. Nd4 Qg6 19. Qb3 Bc5 20. Nf3 0-0 21. Be3 Nxe3 22. fxe3 Bc6 23. Qc4 Bxe3+ 24. Kh1 Bb5 25. Qb3 Bxf1 26. Rxf1 Bh6 27. Qd1 Rfd8 28. Qe2 Rbc8 29. Ne1 Rc1 30. Qf3 Bd2 31. Qxb7 Rxe1 32. Rxe1 Bxe1 33. Qc7 0-1

[Event "Niederbayernliga 0910"]
[Site "Germany"]
[Date "2010.01.24"]
[Round "5.8"]
[White "Danzer, Fabian"]
[Black "Noehbauer, Andreas"]
[Result "1/2-1/2"]
[WhiteElo "1367"]
[BlackElo "1804"]
[PlyCount "90"]
[EventDate "2009.10.18"]
[EventType "team-tourn"]
[EventRounds "9"]
[EventCountry "GER"]
[SourceTitle "EXT 2011"]
[Source "ChessBase"]
[SourceDate "2010.11.26"]
[SourceVersion "1"]
[SourceVersionDate "2010.11.26"]
[SourceQuality "1"]
[WhiteTeam "Simbach"]
[BlackTeam "Rottal II"]
[WhiteTeamCountry "GER"]
[BlackTeamCountry "GER"]

1. c4 Nf6 2. Nf3 e6 3. d3 b6 4. g3 Bb7 5. Bg2 Be7 6. 0-0 0-0 7. Nc3 c5 8. d4 cxd4 9. Nxd4 Bxg2 10. Kxg2 d5 11. cxd5 Nxd5 12. Bd2 Bf6 13. e4 Bxd4 14. exd5 Bxc3 15. Bxc3 Qxd5+ 16. Qxd5 exd5 17. Rad1 Rd8 18. Rd2 d4 19. Bxd4 Nc6 20. Rfd1 f6 21. Bc3 Kf7 22. f4 Rxd2+ 23. Rxd2 Rd8 24. Rxd8 Nxd8 25. Kf3 f5 26. h4 g6 27. b4 Ke6 28. Ke3 Kd5 29. Kd3 b5 30. Bd4 a6 31. Bg7 Nc6 32. Bc3 Ne7 33. Bd4 Ng8 34. Bg7 Ne7 35. Bd4 Nc6 36. Bc3 Ne7 37. Bd4 Nc6 38. Bc3 Nb8 39. Be5 Nd7 40. Bd4 h5 41. a3 Nf8 42. Bg7 Nd7 43. Bd4 Nf8 44. Bg7 Nd7 45. Bd4 Nf8 1/2-1/2

[Event "Niederbayern-ch MK 49th"]
[Site "Vilshofen"]
[Date "2008.??.??"]
[Round "3"]
[White "Noehbauer, Andreas"]
[Black "Gruber, Martina K"]
[Result "1-0"]
[WhiteElo "1710"]
[BlackElo "782"]
[PlyCount "73"]
[EventDate "2008.??.??"]
[EventType "swiss"]
[EventRounds "7"]
[EventCountry "GER"]
[SourceTitle "EXT 2010"]
[Source "ChessBase"]
[SourceDate "2010.11.25"]
[SourceVersion "1"]
[SourceVersionDate "2010.11.25"]
[SourceQuality "1"]

1. e4 e5 2. Nc3 Nc6 3. Bc4 Nf6 4. d3 Bb4 5. Nge2 d6 6. 0-0 0-0 7. Bg5 Bc5 8. Nd5 h6 9. Nxf6+ gxf6 10. Bxh6 Re8 11. Nc3 f5 12. Bxf7+ Kxf7 13. Qh5+ Ke7 14. Nd5+ Kd7 15. Qxf5+ Re6 16. Bg5 Ne7 17. Bxe7 Qe8 18. Nf6+ Kxe7 19. Nxe8 Kxe8 20. Qh5+ Kd7 21. a4 b6 22. c3 b5 23. b4 Bb6 24. a5 Bc5 25. bxc5 dxc5 26. d4 cxd4 27. cxd4 Bb7 28. d5 Re7 29. a6 Bc8 30. Qh6 Kd8 31. Rfc1 Bd7 32. Qf8+ Be8 33. Qf6 Rc8 34. f4 exf4 35. e5 Bd7 36. d6 c6 37. Qxe7# 1-0

[Event "Niederbayern-ch MK 49th"]
[Site "Vilshofen"]
[Date "2008.??.??"]
[Round "5"]
[White "Noehbauer, Andreas"]
[Black "Zepke, Armin"]
[Result "1/2-1/2"]
[WhiteElo "1710"]
[BlackElo "1964"]
[PlyCount "95"]
[EventDate "2008.??.??"]
[EventType "swiss"]
[EventRounds "7"]
[EventCountry "GER"]
[SourceTitle "EXT 2010"]
[Source "ChessBase"]
[SourceDate "2010.11.25"]
[SourceVersion "1"]
[SourceVersionDate "2010.11.25"]
[SourceQuality "1"]

1. e4 c6 2. d4 d5 3. e5 Bf5 4. h4 h6 5. g4 Bd7 6. f4 h5 7. g5 Bf5 8. Bd3 e6 9. Ne2 g6 10. Bxf5 exf5 11. 0-0 Na6 12. b3 Qa5 13. a4 Nc7 14. Ba3 Bxa3 15. Rxa3 Ne6 16. Qd2 Qc7 17. c3 Ne7 18. Ra1 a5 19. Na3 0-0 20. Rfc1 b6 21. Nc2 b5 22. Kh2 Rfb8 23. Rab1 Nc8 24. Qd1 Nb6 25. Ne3 Rb7 26. Kg3 Rab8 27. Qc2 bxa4 28. bxa4 Nc4 29. Nxc4 dxc4 30. Rxb7 Qxb7 31. Kf2 Qb2 32. Qxb2 Rxb2 33. Kf3 Nc7 34. Ng3 Nd5 35. Nf1 Rb3 36. Nd2 Ra3 37. Nxc4 Rxa4 38. Ne3 Ra3 39. Nxd5 cxd5 40. Kg2 Kf8 41. c4 dxc4 42. Rxc4 Rd3 43. Ra4 Ke7 44. Rxa5 Rxd4 45. Kf3 Rd3+ 46. Kg2 Ke6 47. Rb5 Ra3 48. Rb7 1/2-1/2

[Event "Niederbayern-ch MK 49th"]
[Site "Vilshofen"]
[Date "2008.??.??"]
[Round "2"]
[White "Schneider, Roland"]
[Black "Noehbauer, Andreas"]
[Result "1-0"]
[WhiteElo "1998"]
[BlackElo "1710"]
[PlyCount "67"]
[EventDate "2008.??.??"]
[EventType "swiss"]
[EventRounds "7"]
[EventCountry "GER"]
[SourceTitle "EXT 2010"]
[Source "ChessBase"]
[SourceDate "2010.11.25"]
[SourceVersion "1"]
[SourceVersionDate "2010.11.25"]
[SourceQuality "1"]

1. e4 c5 2. Nf3 Nc6 3. d4 cxd4 4. Nxd4 Nf6 5. Nc3 d6 6. Be2 e5 7. Nf3 h6 8. 0-0 Be7 9. Re1 0-0 10. h3 Be6 11. Bf1 Rc8 12. a3 Na5 13. Nd5 Bxd5 14. exd5 Nd7 15. b3 f5 16. c4 b6 17. Bd2 Nb7 18. b4 Nf6 19. Qb3 Qe8 20. Rac1 Kh8 21. Qb1 Ng8 22. Bc3 Qf7 23. Rcd1 Rce8 24. Qc2 Ra8 25. Qe2 Qh5 26. Nxe5 Qg5 27. Nf3 Qg6 28. Qe6 Qxe6 29. Rxe6 Bf6 30. Bxf6 Nxf6 31. Bd3 f4 32. Rde1 Rae8 33. Re7 Rb8 34. Nd4 1-0

[Event "Niederbayern-ch MK 48th"]
[Site "Ortenburg"]
[Date "2007.??.??"]
[Round "9"]
[White "Kreilinger, Erich"]
[Black "Noehbauer, Andreas"]
[Result "1-0"]
[WhiteElo "1856"]
[BlackElo "1693"]
[PlyCount "91"]
[EventDate "2007.??.??"]
[EventType "swiss"]
[EventRounds "9"]
[EventCountry "GER"]
[SourceTitle "EXT 2010"]
[Source "ChessBase"]
[SourceDate "2010.11.25"]
[SourceVersion "1"]
[SourceVersionDate "2010.11.25"]
[SourceQuality "1"]

1. d4 Nf6 2. c4 g6 3. Nc3 d5 4. e3 Bg7 5. Be2 0-0 6. Nf3 c5 7. 0-0 cxd4 8. exd4 dxc4 9. Bxc4 e6 10. Qe2 Nc6 11. Rd1 Nd5 12. a3 a6 13. Qe4 Nf6 14. Qh4 Nd5 15. Qe4 Nf6 16. Qh4 Nd5 17. Bg5 f6 18. Bc1 Na7 19. Ne2 b5 20. Ba2 Bb7 21. Qh3 Qd6 22. Ng3 Nc6 23. Ne4 Qe7 24. Re1 Nd8 25. Nc5 Kh8 26. Nxe6 Nxe6 27. Rxe6 Qd7 28. Nh4 Kg8 29. Re3 Qxh3 30. Rxh3 Rfe8 31. Bd2 Kf8 32. Nf3 h5 33. Nh4 Kf7 34. Rg3 g5 35. Nf5 Rad8 36. f4 h4 37. Re3 Rxe3 38. Nxe3 Kg6 39. f5+ Kh5 40. Nc2 Kg4 41. Rf1 Re8 42. Bxd5 Bxd5 43. Ne3+ Rxe3 44. Bxe3 Bf8 45. h3+ Kh5 46. Bd2 1-0

[Event "Niederbayern-ch MK 48th"]
[Site "Ortenburg"]
[Date "2007.??.??"]
[Round "6"]
[White "Noehbauer, Andreas"]
[Black "Haider, Andreas"]
[Result "1-0"]
[WhiteElo "1693"]
[BlackElo "1559"]
[PlyCount "103"]
[EventDate "2007.??.??"]
[EventType "swiss"]
[EventRounds "9"]
[EventCountry "GER"]
[SourceTitle "EXT 2010"]
[Source "ChessBase"]
[SourceDate "2010.11.25"]
[SourceVersion "1"]
[SourceVersionDate "2010.11.25"]
[SourceQuality "1"]

1. e4 e5 2. Nc3 Bc5 3. Nf3 Nc6 4. Nxe5 Nxe5 5. d4 Bxd4 6. Qxd4 d6 7. f4 Qh4+ 8. Qf2 Qxf2+ 9. Kxf2 Ng4+ 10. Kf3 c6 11. b3 Ne7 12. Bb2 0-0 13. Rd1 d5 14. exd5 Nf6 15. d6 Bg4+ 16. Kf2 Ned5 17. Rd4 Rad8 18. Nxd5 cxd5 19. Bd3 Rfe8 20. Re1 Rxe1 21. Kxe1 Rxd6 22. f5 g6 23. fxg6 hxg6 24. Rf4 Re6+ 25. Kf1 Bf5 26. Bxf5 gxf5 27. Rxf5 Ng4 28. Rg5+ Rg6 29. Rxg6+ fxg6 30. Bd4 Nxh2+ 31. Kg1 Ng4 32. Bxa7 Ne5 33. Kf2 Kf7 34. Ke3 Ke6 35. c3 b5 36. a4 bxa4 37. bxa4 Nc6 38. Bb6 Ne5 39. a5 Kd6 40. Kf4 Nf7 41. a6 Kc6 42. a7 Kb7 43. Bd4 Ka8 44. Ke3 Nd6 45. Kd2 g5 46. Ke3 Kb7 47. Kf3 Ka8 48. Kg4 Ne4 49. Kf5 Kb7 50. Ke5 Ng3 51. Kxd5 Ne2 52. Ke4 1-0